| 000 | 00517nam a2200193Ia 4500 | ||
|---|---|---|---|
| 001 | 70707 | ||
| 008 | 160116s9999||||xx |||||||||||||| ||und|| | ||
| 020 | _a9780865974982 | ||
| 040 | _cPK-LaUMT | ||
| 082 |
_a 322.1 ESS- _bESS- |
||
| 100 | _aThomasius, Christian | ||
| 245 |
_aEssays on church, state, and politics _cThomasius, Christian|Hunter, Ian |
||
| 260 |
_aIndianapolis,USA: _bLiberty fund, _c2007 |
||
| 300 | _a306 p. | ||
| 546 | _aEN | ||
| 650 | _aChurch and state | ||
| 700 | _aHunter, Ian | ||
| 942 | _cBK | ||
| 999 |
_c81757 _d81757 |
||